| Поле | Название | Значение |
| |
Тип записи |
a |
| |
Библиографический уровень |
m |
| 001 |
Контрольный номер |
RU/IS/BASE/395248825 |
| 005 |
Дата корректировки |
20201206204831.9 |
| 010 |
Индекс ISBN |
__ |
| a |
ISBN |
978-5-17-057197-0. - 978-5-271-22874-2 |
| d |
Цена |
297-55 |
| 101 |
Язык документа |
0_ |
| a |
Язык текста |
rus |
| 200 |
Заглавие и сведения об ответственности |
1_ |
| a |
Заглавие |
Детские годы Багрова-внука |
| f |
Первые сведения об ответственности |
Сергей Аксаков |
| b |
Общее обозначение материала |
Текст |
| 210 |
Выходные данные |
__ |
| a |
Место издания |
М. |
| c |
Издательство |
АСТ |
| c |
Издательство |
Астрель |
| d |
Дата издания |
2010 |
| 215 |
Физическое описание |
__ |
| a |
Объем |
349, [3] с. |
| 225 |
Серия |
__ |
| a |
Серия |
Внеклассное чтение |
| 330 |
Аннотация |
__ |
| a |
Аннотация |
"Есть у меня заветная дума, которая давно и день и ночь меня занимает... Я желаю написать такую книгу... какой не бывало в литературе" - так написал однажды Сергей Тимофеевич Аксаков во время создания своей знаменитой книги "Детские годы Багрова-внука". Аксаков задумал книгу, которой еще тогда не было ни в русской, ни в мировой литературе. Задача состояла в том, чтобы создать "историю ребенка" и чтобы это была книга для детей и для взрослых. Блестяще справился автор с этой задачей, книга была высоко оценена современниками и завоевала любовь читателей всех возрастов. |
| 606 |
Тематические рубрики |
__ |
| a |
Основная рубрика |
Художественная литература |
| 606 |
Тематические рубрики |
__ |
| a |
Основная рубрика |
Русская литература XIX в. (произведения) |
| 610 |
Ключевые слова |
__ |
| a |
Ключевые слова |
повести; тема детства; автобиографическая проза; тема детей; тема жизни; детская литература |
| 686 |
Индексы других классификаций |
__ |
| a |
Классификационный индекс |
84(2=411.2)52-4 |
| 700 |
Автор |
_1 |
| a |
Фамилия |
Аксаков |
| b |
Имя |
С. Т. |
| f |
Даты |
1791-1859 |
| g |
Полное личное имя |
Сергей Тимофеевич |
| 4 |
Код отношения |
070 |
| 801 |
Источник записи |
_0 |
| a |
Страна |
RU |
| b |
Организация |
Муниципальное бюджетное учреждение культуры "Централизованная библиотечная система" г. Сургут (Центральная городская библиотека им. А. С. Пушкина) |
| g |
Правила каталогизации |
КиК/Лукашук; КиК/Апакова |
| 801 |
Источник записи |
_1 |
| a |
Страна |
RU |
| b |
Организация |
Муниципальное бюджетное учреждение культуры "Централизованная библиотечная система" г. Сургут (Центральная городская библиотека им. А. С. Пушкина) |
| g |
Правила каталогизации |
КиК/Лукашук; КиК/Апакова |
| 852 |
Данные о местонахождении |
__ |
| j |
Шифр хранения |
84(2=411.2)52-4 |
| c |
Каталожный индекс |
84(2Рос=Рус)1-4 |
| i |
Авторский знак |
А 41 |
| 901 |
Тип документа |
__ |
| t |
Тип документа |
m |
| 903 |
Характеристики (МАРС) |
__ |
| a |
Дата передачи |
20130621; 20120710 |
| 990 |
Данные о заказе (DOS) |
__ |
| j |
Количество экземпляров (DOS) |
1; 2 |
| t |
N записи в КСУ для И/У (DOS) |
201307; 201207 |